000 00723nam a22001817a 4500
003 UA-OsUOA
001 17543
007 ta
008 20040314b un ||||| |||| 00| 0 ukr d
100 _aТубіна С.
942 _cSA
040 _aUA-OsUOA
_cUA-OsUOA
_dUA-OsUOA
245 _aДосвід рівнян. Зима не заморозила: [Чільне питання порядку денного виїз. колегії облдержадмін. в Дубен. р-ні стосувалося культ.-дозвіл. комплексів]
300 _aС.2
955 _a0
773 0 _w0
_tВісті Рівненщини
_dРівне
_d2004
_g№19/27 лют./
650 7 _aКраєзнавча робота
_2UDC
999 _c303711
_d303711